000 00926cas a2200229 a 4500
001 12282489
003 OSt
005 20211201113323.0
008 000815c20009999ctuar r 0 a0eng c
020 _a9781456778231
035 _a(OCoLC)ocm44788902
037 _bCollegiate Career Consulting LLC, P.O. Box 8095, Berlin, CT 06037
040 _cLC
050 0 0 _aHD57.7.S49
100 _qSeshie, P. O.
245 0 4 _aTheory for corporate leadership development. /
_cP. O. Seshie.
260 _aCentral Milton Keynes:
_bAuthorhouse,
_c2011.
300 _axiv, 145 p;
505 _aContents: Organisational leadership -- Context surrounding organisational leadership -- Review of theory of leadership -- Changing mind on leadership -- The leadership in crisis -- Leadership and economic of organisation -- Theory for corporate leadership development -- Conclusion --
650 _2Corporate leadership
942 _2lcc
_cBK
999 _c8168
_d15668